Penetration testing and building web application firewall to prevent SQL injection (Record no. 5440)

MARC details
000 -LEADER
fixed length control field 00554nam a22001817a 4500
003 - CONTROL NUMBER IDENTIFIER
control field OSt
005 - DATE AND TIME OF LATEST TRANSACTION
control field 20220107122822.0
008 - FIXED-LENGTH DATA ELEMENTS--GENERAL INFORMATION
fixed length control field 161020b xxu||||| |||| 00| 0 eng d
040 ## - CATALOGING SOURCE
Transcribing agency IIITMK
100 ## - MAIN ENTRY--PERSONAL NAME
Personal name Sushree Snehaja Biswal (93614033)
9 (RLIN) 10935
245 ## - TITLE STATEMENT
Title Penetration testing and building web application firewall to prevent SQL injection
300 ## - PHYSICAL DESCRIPTION
Extent CSIS - Major Project
502 ## - DISSERTATION NOTE
Degree type CSIS
Name of granting institution 2014-16
Year degree granted INT
-- Dr. Tony Thomas<br/>
650 ## - SUBJECT ADDED ENTRY--TOPICAL TERM
Topical term or geographic name entry element WEB APPLICATION
9 (RLIN) 10936
650 ## - SUBJECT ADDED ENTRY--TOPICAL TERM
Topical term or geographic name entry element PENETRATION TESTING
9 (RLIN) 10937
650 ## - SUBJECT ADDED ENTRY--TOPICAL TERM
Topical term or geographic name entry element SQL
9 (RLIN) 10938
942 ## - ADDED ENTRY ELEMENTS (KOHA)
Source of classification or shelving scheme Dewey Decimal Classification
Koha item type
Holdings
Withdrawn status Lost status Source of classification or shelving scheme Damaged status Not for loan Collection code Home library Current library Date acquired Total Checkouts Barcode Date last seen Price effective from Koha item type
    Dewey Decimal Classification     Non Fiction IIITM-K Kerala University of Digital Sciences, Innovation and Technology Knowledge Centre 20/10/2016   R-856 20/10/2016 20/10/2016 Project Reports